[Event "XXII Campeonato de España de l"]
[Site "Benidorm (Alicante-España)"]
[Date "2010.11.15"]
[Round "2"]
[White "Fernandez Lago, David"]
[Black "Pimienta Sanchez, Manuel"]
[Result "1-0"]
[WhiteElo "2008"]
[BlackElo "1856"]
[PlyCount "99"]
[EventDate "2010.11.14"]
[EventRounds "8"]
[EventCountry "ESP"]

1. d4 e6 2. Nf3 c5 3. e3 d5 4. c4 Nf6 5. Nc3 Nc6 6. Be2 cxd4 7. exd4 dxc4 8.
Bxc4 h6 9. O-O Ne7 10. Ne5 Nc6 11. Nxc6 bxc6 12. Qf3 Bd7 13. Be3 Be7 14. Rac1
Nd5 15. Ne4 O-O 16. Bd3 f5 17. Nc5 Rf6 18. Rfe1 Rb8 19. b3 Be8 20. Bd2 Bd7 21.
Bb1 Bxc5 22. Rxc5 Rb5 23. Rcc1 a5 24. Kh1 Qb8 25. Bd3 Rb7 26. Bxa5 Ra7 27. Rc5
Rg6 28. Bc4 Kh7 29. Bxd5 Rxa5 30. Bxc6 Rxc5 31. dxc5 Qb4 32. Rd1 Bxc6 33. Qxc6
e5 34. Qd5 Qg4 35. h3 Qe2 36. Qf3 Qc2 37. Rd5 Rf6 38. Rxe5 Qxa2 39. Kh2 Qc2 40.
b4 g5 41. Qh5 Rg6 42. Re6 Rxe6 43. Qf7+ Kh8 44. Qxe6 Kg7 45. Qd7+ Kg8 46. Qd4
h5 47. Qd8+ Kf7 48. Qxg5 Qxf2 49. Qxh5+ Kf6 50. Qf3 1-0

[Event "XXII Campeonato de España de l"]
[Site "Benidorm (Alicante-España)"]
[Date "2010.11.15"]
[Round "2"]
[White "Salas Rasillas, Concepcion"]
[Black "Zanoletty Garcia, David"]
[Result "0-1"]
[WhiteElo "1825"]
[BlackElo "1998"]
[PlyCount "78"]
[EventDate "2010.11.14"]
[EventRounds "8"]
[EventCountry "ESP"]

1. e4 e6 2. d4 d5 3. exd5 exd5 4. Nf3 Bd6 5. Bd3 Ne7 6. O-O O-O 7. Re1 Nbc6 8.
c3 Bf5 9. Bg5 f6 10. Bh4 Qd7 11. Qc2 a6 12. Nbd2 b5 13. Nf1 Bxd3 14. Qxd3 Nf5
15. Ne3 Nce7 16. Bg3 c6 17. Nh4 Nxh4 18. Bxh4 Rae8 19. Bg3 Bxg3 20. hxg3 g6 21.
g4 Nc8 22. g3 Nd6 23. Kg2 Re7 24. a4 Rfe8 25. axb5 axb5 26. b3 Kg7 27. Rh1 Ne4
28. Rh4 Qc7 29. Rah1 Kg8 30. Nf1 Rg7 31. Ne3 Qe7 32. Ra1 Qd6 33. Ra6 Rge7 34.
Rh3 Qd7 35. Ra1 Qe6 36. Re1 Qd6 37. Reh1 Qa3 38. Qb1 Ra8 39. R1h2 Qa2 0-1

[Event "XXII Campeonato de España de l"]
[Site "Benidorm (Alicante-España)"]
[Date "2010.11.15"]
[Round "2"]
[White "Rodriguez Aguilera, Aurelio"]
[Black "Garcia Cervigon, Juan Pablo"]
[Result "1-0"]
[WhiteElo "1982"]
[BlackElo "1795"]
[PlyCount "61"]
[EventDate "2010.11.14"]
[EventRounds "8"]
[EventCountry "ESP"]

1. d4 Nf6 2. c4 e6 3. Nf3 b6 4. e3 Bb7 5. Be2 Be7 6. O-O O-O 7. Nc3 d5 8. b3 c5
9. Bb2 a6 10. cxd5 exd5 11. Rc1 Nbd7 12. dxc5 bxc5 13. Na4 Rc8 14. Ne5 Nxe5 15.
Bxe5 Nd7 16. Bb2 Bf6 17. Bxf6 Qxf6 18. Bg4 Rfd8 19. Bxd7 Rxd7 20. Rxc5 Re8 21.
Qd4 Qg6 22. Nc3 Rde7 23. g3 h5 24. Nxd5 Re4 25. Qd1 h4 26. Nf4 Qf6 27. Qd7 hxg3
28. Qxb7 gxf2+ 29. Rxf2 Rxe3 30. Rc1 Qg5+ 31. Qg2 1-0

[Event "XXII Campeonato de España de l"]
[Site "Benidorm (Alicante-España)"]
[Date "2010.11.15"]
[Round "2"]
[White "Sanchez Ruiz, Justo"]
[Black "Monmeneu Chulia, Vicente Juan"]
[Result "0-1"]
[WhiteElo "1772"]
[BlackElo "1962"]
[PlyCount "92"]
[EventDate "2010.11.14"]
[EventRounds "8"]
[EventCountry "ESP"]

1. e4 d5 2. exd5 Qxd5 3. Nc3 Qd6 4. d4 Nf6 5. Bc4 a6 6. Nge2 b5 7. Bf4 Qc6 8.
Bb3 Qxg2 9. Rg1 Qb7 10. d5 c5 11. dxc6 Nxc6 12. Nd5 e5 13. Nxf6+ gxf6 14. Be3
Be6 15. Bxe6 fxe6 16. Nc3 h5 17. Ne4 Be7 18. Nd6+ Bxd6 19. Qxd6 Qd7 20. O-O-O
O-O-O 21. Qc5 Qc7 22. Qb6 Rxd1+ 23. Rxd1 Qxb6 24. Bxb6 Kb7 25. Bc5 Nd4 26. Bxd4
exd4 27. Rxd4 Kc6 28. f4 Rg8 29. c3 Rg2 30. Rd2 Rg1+ 31. Kc2 Rf1 32. Re2 Kd6
33. Rd2+ Ke7 34. Rd4 Rf2+ 35. Kb3 Rxh2 36. a4 h4 37. axb5 axb5 38. Rb4 Rf2 39.
Rxb5 Rxf4 40. Rh5 e5 41. c4 e4 42. Rh7+ Kd6 43. Ka4 e3 44. b4 e2 45. c5+ Ke6
46. Rh8 Re4 0-1

[Event "XXII Campeonato de España de l"]
[Site "Benidorm (Alicante-España)"]
[Date "2010.11.15"]
[Round "2"]
[White "Sanz Garcia, Ramon"]
[Black "Saez Gabikagogeaskoa, Oscar"]
[Result "0-1"]
[WhiteElo "1628"]
[BlackElo "1939"]
[PlyCount "76"]
[EventDate "2010.11.14"]
[EventRounds "8"]
[EventCountry "ESP"]

1. e4 c5 2. Nf3 Nc6 3. d4 cxd4 4. Nxd4 Nf6 5. Nc3 e5 6. Ndb5 d6 7. Bg5 a6 8.
Na3 b5 9. Bxf6 gxf6 10. Nd5 f5 11. c3 Bg7 12. exf5 Bxf5 13. Nc2 O-O 14. Nce3
Be6 15. Bd3 f5 16. Qh5 e4 17. Bc2 Ne7 18. Nf4 Bf7 19. Bb3 Bxb3 20. axb3 Rf6 21.
Ned5 Nxd5 22. Nxd5 Rf7 23. O-O Be5 24. f4 exf3 25. Rxf3 Qc8 26. b4 Qe6 27. Rd1
Kh8 28. Qh3 Raf8 29. Re3 Qg6 30. Re2 f4 31. Qf3 Qf5 32. Kf1 Rg8 33. Ra1 Rfg7
34. Rxa6 Qb1+ 35. Re1 Qxb2 36. Re2 Qb1+ 37. Re1 Qc2 38. Qf2 Qd3+ 0-1

[Event "XXII Campeonato de España de l"]
[Site "Benidorm (Alicante-España)"]
[Date "2010.11.15"]
[Round "2"]
[White "Rousse Mayol, Ricard"]
[Black "Redondo Maguregui, Juan Manuel"]
[Result "1/2-1/2"]
[WhiteElo "1907"]
[BlackElo "1694"]
[PlyCount "39"]
[EventDate "2010.11.14"]
[EventRounds "8"]
[EventCountry "ESP"]

1. Nf3 c5 2. g3 Nc6 3. Bg2 e6 4. c4 Nf6 5. Nc3 Be7 6. O-O O-O 7. d3 a6 8. e4 d6
9. a3 Rb8 10. Rb1 b5 11. cxb5 axb5 12. b4 Ba6 13. Re1 d5 14. bxc5 b4 15. Na2
Bxc5 16. Qe2 Qe7 17. Bb2 Rfc8 18. Qd2 e5 19. Bh3 Rc7 20. Nh4 {irreproducuble}
1/2-1/2

[Event "XXII Campeonato de España de l"]
[Site "Benidorm (Alicante-España)"]
[Date "2010.11.15"]
[Round "2"]
[White "Gimeno Diaz, Fernando"]
[Black "Lago Carballo, Carmen"]
[Result "0-1"]
[WhiteElo "1900"]
[BlackElo "1416"]
[PlyCount "90"]
[EventDate "2010.11.14"]
[EventRounds "8"]
[EventCountry "ESP"]

1. d4 d5 2. Nf3 Nf6 3. c4 dxc4 4. Nc3 a6 5. a4 e6 6. e3 Bb4 7. Bxc4 Ne4 8. Qc2
Nxc3 9. bxc3 Be7 10. O-O Nd7 11. e4 c6 12. Bf4 O-O 13. h3 Nf6 14. Bd3 Nh5 15.
Bh2 g6 16. g4 Ng7 17. Ne5 f6 18. Nc4 f5 19. f4 fxg4 20. hxg4 b5 21. axb5 cxb5
22. Ne5 Ne8 23. Bxb5 Nf6 24. Nc6 Qd7 25. Nxe7+ Qxe7 26. Be2 e5 27. fxe5 Nxg4
28. Rxf8+ Qxf8 29. Qb3+ Kg7 30. Rf1 Qe7 31. Bc4 Qh4 32. Qa2 Ne3 33. Rf7+ Kh6
34. Bf4+ g5 35. Rf6+ Kg7 36. Bxe3 Qe1+ 37. Kh2 Qxe3 38. Qa3 Qh3+ 39. Kg1 Qg3+
40. Kf1 Bh3+ 41. Ke2 Bg4+ 42. Kd2 Qg2+ 43. Kc1 Qg1+ 44. Kd2 Qd1+ 45. Ke3 Qe1+
0-1

[Event "XXII Campeonato de España de l"]
[Site "Benidorm (Alicante-España)"]
[Date "2010.11.15"]
[Round "2"]
[White "Septien Lopez, Valeriano"]
[Black "Gutierrez Garcia, Julio"]
[Result "1-0"]
[WhiteElo "1876"]
[BlackElo "1654"]
[PlyCount "113"]
[EventDate "2010.11.14"]
[EventRounds "8"]
[EventCountry "ESP"]

1. e4 e6 2. d4 d5 3. e5 c5 4. c3 Nc6 5. Nf3 Qb6 6. a3 c4 7. Nbd2 Na5 8. g3 f6
9. Bg2 Bd7 10. O-O O-O-O 11. exf6 gxf6 12. Re1 Bh6 13. Rb1 Nb3 14. Nxb3 Qxb3
15. Qxb3 cxb3 16. Bxh6 Nxh6 17. Nd2 Rhe8 18. Nxb3 b6 19. Rbc1 Kb8 20. Nd2 Nf5
21. Nf1 Ba4 22. Bh3 Ng7 23. Ne3 e5 24. Nf5 Nxf5 25. Bxf5 h6 26. Bc2 Bxc2 27.
Rxc2 e4 28. a4 a5 29. Kf1 h5 30. b4 Rd7 31. Rb2 Rb7 32. Ke2 Kc7 33. Reb1 Ra8
34. Ke3 Kc6 35. h3 b5 36. bxa5 Rxa5 37. axb5+ Raxb5 38. Rxb5 Rxb5 39. Rxb5 Kxb5
40. g4 h4 41. Kd2 Ka5 42. Kc2 Ka6 43. Kb2 Kb6 44. Ka2 Ka6 45. Ka3 Ka5 46. Kb2
Kb6 47. Kc2 Ka6 48. Kc1 Kb6 49. Kb2 Ka5 50. Ka3 Ka6 51. Ka4 Kb6 52. Kb4 Kc6 53.
Ka5 Kc7 54. Kb5 Kd6 55. Kb6 Kd7 56. Kc5 Ke6 57. Kc6 1-0

[Event "XXII Campeonato de España de l"]
[Site "Benidorm (Alicante-España)"]
[Date "2010.11.15"]
[Round "2"]
[White "Aguilar Sevilla, Diego"]
[Black "Garcia Andrinal, Antonio"]
[Result "1-0"]
[WhiteElo "2123"]
[BlackElo "1757"]
[PlyCount "100"]
[EventDate "2010.11.14"]
[EventRounds "8"]
[EventCountry "ESP"]

1. Nf3 f5 2. g3 Nf6 3. Bg2 e6 4. d4 d5 5. O-O c6 6. c4 Bd6 7. b3 O-O 8. Ba3 Qe7
9. Bxd6 Qxd6 10. Nbd2 Nbd7 11. Qc2 Ne4 12. c5 Qe7 13. b4 e5 14. dxe5 Nxd2 15.
Nxd2 Nxe5 16. e3 Ng6 17. Nb3 Qf6 18. Rad1 Ne5 19. Nd4 Bd7 20. b5 Be8 21. bxc6
bxc6 22. Qa4 Bf7 23. Rb1 g5 24. Rb7 f4 25. Rxa7 Rxa7 26. Qxa7 f3 27. Bh1 Bg6
28. a4 Be4 29. Qc7 Rf7 30. Qd6 Qxd6 31. cxd6 Rd7 32. a5 Rxd6 33. a6 c5 34. Ra1
Rd8 35. a7 Ra8 36. Ne6 Nc6 37. Nxc5 Rxa7 38. Rxa7 Nxa7 39. g4 Nc6 40. h3 Ne5
41. Kh2 Kf7 42. Kg3 Kf6 43. Nb3 Bc2 44. Nd4 Be4 45. Nxf3 Nd3 46. Bg2 Bg6 47.
Nd4 Bf7 48. h4 h6 49. f4 Nc5 50. hxg5+ hxg5 1-0

[Event "XXII Campeonato de España de l"]
[Site "Benidorm (Alicante-España)"]
[Date "2010.11.15"]
[Round "2"]
[White "Gamiz Campana, Francisco Javier"]
[Black "Garcia Magadan, Ramon"]
[Result "0-1"]
[WhiteElo "1742"]
[BlackElo "2069"]
[PlyCount "92"]
[EventDate "2010.11.14"]
[EventRounds "8"]
[EventCountry "ESP"]

1. e4 d6 2. Nf3 Nf6 3. Nc3 e5 4. d4 exd4 5. Nxd4 Be7 6. Bc4 O-O 7. O-O Nxe4 8.
Nxe4 d5 9. Bxd5 Qxd5 10. Ng3 Rd8 11. Be3 Bf6 12. c3 Nc6 13. Nxc6 Qxc6 14. Qc2
g6 15. Rad1 Bg4 16. f3 Be6 17. a3 Qb5 18. Rxd8+ Rxd8 19. Rd1 Re8 20. Qc1 Bb3
21. Re1 Bg7 22. Bf2 f5 23. Rxe8+ Qxe8 24. Qe3 Qxe3 25. Bxe3 b6 26. Ne2 c5 27.
g3 Kf7 28. Kf2 h6 29. f4 Ke6 30. Nc1 Bc2 31. h4 Kd5 32. Na2 a5 33. Ke2 Kc4 34.
Kd2 Kb3 35. Nc1+ Kxb2 36. Nd3+ Bxd3 37. Kxd3 Bxc3 38. Kc4 Be1 39. g4 Bxh4 40.
gxf5 gxf5 41. a4 Bg3 42. Kd5 h5 43. Ke5 h4 44. Kxf5 h3 45. Bg1 h2 46. Bxh2 Bxh2
0-1

[Event "XXII Campeonato de España de l"]
[Site "Benidorm (Alicante-España)"]
[Date "2010.11.15"]
[Round "2"]
[White "Mejias Gonzalez, Javier"]
[Black "Garcia Cruz, Francisco"]
[Result "1/2-1/2"]
[WhiteElo "1941"]
[BlackElo "1686"]
[PlyCount "110"]
[EventDate "2010.11.14"]
[EventRounds "8"]
[EventCountry "ESP"]

1. e4 c5 2. Nf3 Nc6 3. d4 cxd4 4. c3 dxc3 5. Nxc3 d6 6. Bc4 g6 7. O-O Bg7 8.
Qe2 Nf6 9. h3 O-O 10. Bf4 Bd7 11. Rfd1 Rc8 12. Rac1 a6 13. g4 b5 14. Bd3 Nb4
15. Bb1 Nc6 16. e5 dxe5 17. Nxe5 Nxe5 18. Bxe5 Ne8 19. Nd5 Rxc1 20. Rxc1 e6 21.
Nb4 Qb6 22. Bxg7 Nxg7 23. Be4 Rc8 24. Rd1 Rc7 25. Qf3 Ne8 26. Nd3 Nd6 27. Ne5
Be8 28. Bb1 Qc5 29. Qf6 Nc4 30. Rd8 Qf8 31. Ra8 Nxe5 32. Qxe5 Rc1+ 33. Kh2 Rxb1
34. Rc8 Rd1 35. f4 Rd2+ 36. Kg3 Qe7 37. Qb8 Rd3+ 38. Kg2 Qd6 39. Rxe8+ Kg7 40.
Rg8+ Kf6 41. Qxd6 Rxd6 42. Rh8 Kg7 43. Ra8 Rd2+ 44. Kf3 Rxb2 45. Rxa6 Kf6 46.
h4 h6 47. a3 Rb3+ 48. Ke4 Ke7 49. Ra7+ Kf6 50. g5+ hxg5 51. hxg5+ Kg7 52. Ke5
Rb1 53. Rb7 Rb3 54. Ra7 Rd3 55. Ke4 Rd5 1/2-1/2

[Event "XXII Campeonato de España de l"]
[Site "Benidorm (Alicante-España)"]
[Date "2010.11.15"]
[Round "2"]
[White "Llaneras Henarejos, Miguel"]
[Black "Espadina Solano, Jaime E"]
[Result "1-0"]
[WhiteElo "1687"]
[BlackElo "1895"]
[PlyCount "67"]
[EventDate "2010.11.14"]
[EventRounds "8"]
[EventCountry "ESP"]

1. d4 Nf6 2. c4 g6 3. Nc3 Bg7 4. e4 d6 5. f3 O-O 6. Be3 c5 7. d5 e6 8. Qd2 exd5
9. cxd5 Re8 10. Be2 a6 11. a4 Nbd7 12. Nh3 Ne5 13. Nf2 Rb8 14. g4 h5 15. gxh5
Nxh5 16. f4 Nd7 17. Bxh5 gxh5 18. O-O-O Kh7 19. Rhg1 Nb6 20. Qd3 f5 21. exf5 c4
22. Rxg7+ Kxg7 23. Qd4+ Kh6 24. Qxb6 Qxb6 25. Bxb6 Bxf5 26. Bc7 Rbc8 27. Bxd6
Rg8 28. h4 Rg2 29. Nfe4 Re8 30. Be5 Rh2 31. Nd6 Rc2+ 32. Kb1 Rxc3+ 33. Nxf5+
Kg6 34. bxc3 1-0

[Event "XXII Campeonato de España de l"]
[Site "Benidorm (Alicante-España)"]
[Date "2010.11.15"]
[Round "2"]
[White "Suarez Hernandez, Francisco"]
[Black "Garcia Cervigon, Cecilio"]
[Result "0-1"]
[WhiteElo "1658"]
[BlackElo "1820"]
[PlyCount "50"]
[EventDate "2010.11.14"]
[EventRounds "8"]
[EventCountry "ESP"]

1. e4 c6 2. d4 d5 3. exd5 cxd5 4. c4 Nf6 5. Nc3 Nc6 6. Nf3 e6 7. a3 Be7 8. c5
a5 9. Na4 Nd7 10. Bd2 Bf6 11. Bc3 O-O 12. b4 axb4 13. axb4 Qc7 14. b5 Ne7 15.
Bd3 e5 16. Bc2 exd4 17. Bxd4 Qa5+ 18. Qd2 Qxb5 19. Bd3 Qc6 20. Qb4 Nxc5 21. Bb5
Qe6+ 22. Kf1 Ne4 23. Bxf6 Qxf6 24. Re1 Nc6 25. Bxc6 bxc6 0-1

[Event "XXII Campeonato de España de l"]
[Site "Benidorm (Alicante-España)"]
[Date "2010.11.15"]
[Round "2"]
[White "Lopez Perez, Angel L"]
[Black "Martinez Perez, Carlos"]
[Result "1-0"]
[WhiteElo "1818"]
[BlackElo "1619"]
[PlyCount "73"]
[EventDate "2010.11.14"]
[EventRounds "8"]
[EventCountry "ESP"]

1. e4 c5 2. Nf3 e6 3. d4 cxd4 4. Nxd4 Nf6 5. Nc3 Bb4 6. e5 Ne4 7. Bd2 Nxd2 8.
Qxd2 a6 9. a3 Bc5 10. Nf3 Nc6 11. Bd3 Qc7 12. Qe2 Nd4 13. Qe4 Nxf3+ 14. gxf3
Qb6 15. O-O Qc6 16. Qg4 g6 17. Ne4 Be7 18. h4 h5 19. Qf4 Qc7 20. Nd6+ Bxd6 21.
exd6 Qd8 22. Kh2 f5 23. Rg1 Qf6 24. Rg5 Kf7 25. Rag1 Rg8 26. c3 b5 27. Qe3 Bb7
28. f4 Qd8 29. Be2 Be4 30. Qg3 Rc8 31. Rxh5 gxh5 32. Bxh5+ Kf6 33. Bg6 Kg7 34.
h5 Kh6 35. f3 Bb7 36. Kh3 Qb6 37. Qg5+ 1-0

[Event "XXII Campeonato de España de l"]
[Site "Benidorm (Alicante-España)"]
[Date "2010.11.15"]
[Round "2"]
[White "Barroso Vilanova, Daniel"]
[Black "Parreño Cueto, Andres"]
[Result "0-1"]
[WhiteElo "1570"]
[BlackElo "1816"]
[PlyCount "104"]
[EventDate "2010.11.14"]
[EventRounds "8"]
[EventCountry "ESP"]

1. e4 c6 2. d4 d5 3. e5 Bf5 4. c3 e6 5. Be3 Nd7 6. Nd2 c5 7. f4 c4 8. Ngf3 Nh6
9. h3 Be7 10. Be2 Bg6 11. O-O Nf5 12. Bf2 h5 13. g3 h4 14. g4 Ng3 15. Bxg3 hxg3
16. Kg2 Bh4 17. Qe1 Be7 18. Qxg3 Qb6 19. b3 cxb3 20. axb3 Rc8 21. c4 dxc4 22.
bxc4 Bb4 23. Qf2 Qc6 24. Kh2 a5 25. Rac1 Nb6 26. Qe3 Qd7 27. Bd3 Bxd3 28. Qxd3
Qe7 29. f5 Bxd2 30. Nxd2 Qg5 31. Qe2 Qh4 32. Qf3 exf5 33. gxf5 Qxd4 34. Qe2 Rd8
35. Ne4 Qxe5+ 36. Kg2 Kf8 37. Qe3 Rd4 38. Qa3+ Qe7 39. Qxe7+ Kxe7 40. Rfe1 Kd7
41. Nc5+ Kc6 42. Nb3 Rd7 43. Nxa5+ Kc7 44. c5 Nd5 45. c6 bxc6 46. Rxc6+ Kd8 47.
Kg3 Ne7 48. Ra6 Rd3+ 49. Kg4 Rd4+ 50. Kg3 Nxf5+ 51. Kg2 Rd2+ 52. Kg1 Rxh3 0-1

[Event "XXII Campeonato de España de l"]
[Site "Benidorm (Alicante-España)"]
[Date "2010.11.15"]
[Round "2"]
[White "Desanjose Candalija, Eduardo"]
[Black "Bravo De Los Santos, Francisco"]
[Result "1-0"]
[WhiteElo "2264"]
[BlackElo "1877"]
[PlyCount "55"]
[EventDate "2010.11.14"]
[EventRounds "8"]
[EventCountry "ESP"]

1. d4 Nf6 2. c4 g6 3. g3 Bg7 4. Bg2 d6 5. Nf3 O-O 6. Nc3 Nbd7 7. O-O e5 8. e4
Re8 9. h3 c6 10. b3 Qe7 11. Re1 exd4 12. Nxd4 Nc5 13. Bf4 Nfd7 14. Be3 a5 15.
Qc2 Nf8 16. Rad1 Nfe6 17. Qd2 Bd7 18. Nde2 Bf8 19. f4 Rad8 20. g4 Bc8 21. f5
Ng7 22. Bf4 Rd7 23. Qd4 gxf5 24. exf5 f6 25. Rd2 Qf7 26. Red1 Red8 27. Ng3 b6
28. Bxc6 1-0

[Event "XXII Campeonato de España de l"]
[Site "Benidorm (Alicante-España)"]
[Date "2010.11.16"]
[Round "3"]
[White "Monmeneu Chulia, Vicente Juan"]
[Black "Desanjose Candalija, Eduardo"]
[Result "0-1"]
[WhiteElo "1962"]
[BlackElo "2264"]
[PlyCount "58"]
[EventDate "2010.11.14"]
[EventRounds "8"]
[EventCountry "ESP"]

1. d4 Nf6 2. Nf3 e6 3. Bf4 c5 4. e3 Qb6 5. Qc1 Nc6 6. c3 Nh5 7. Bg3 Nxg3 8.
hxg3 Be7 9. Nbd2 d5 10. Qc2 f5 11. Qb3 Qc7 12. Be2 O-O 13. Rc1 c4 14. Qc2 b5
15. a3 a5 16. a4 bxa4 17. Qxa4 Bd7 18. Qc2 a4 19. Nb1 Rfb8 20. Nbd2 Be8 21. Ra1
Bg6 22. Qc1 Na5 23. Ne5 Be8 24. Bh5 Bxh5 25. Rxh5 Nb3 {[25.  a3  bxa3} 26. Nxb3
{Nxb3} cxb3 $2 {Nxb3  Rxb3} 27. Nf3 Qb6 28. Ra2 a3 29. Nd2 {Rxb2  Qa1  Rb8  Rh1
} Qa5 0-1

[Event "XXII Campeonato de España de l"]
[Site "Benidorm (Alicante-España)"]
[Date "2010.11.16"]
[Round "3"]
[White "Palacios Perez, Manuel"]
[Black "Rodriguez Aguilera, Aurelio"]
[Result "1-0"]
[WhiteElo "2178"]
[BlackElo "1982"]
[PlyCount "79"]
[EventDate "2010.11.14"]
[EventRounds "8"]
[EventCountry "ESP"]

1. d4 d5 2. c4 e6 3. Nf3 Nf6 4. g3 c6 5. Bg2 Bd6 6. O-O O-O 7. Nc3 Nbd7 8. b3
Qa5 9. Qc2 Bb4 10. Bd2 Qd8 11. Nxd5 Nxd5 12. cxd5 Bxd2 13. dxe6 fxe6 14. Qxd2
Qf6 15. Qe3 Re8 16. Ne5 Re7 17. Rad1 Nf8 18. Qc3 Bd7 19. Qc5 Be8 20. Bf3 Nd7
21. Qd6 Qf8 22. Rd3 Nxe5 23. dxe5 Bf7 24. Rfd1 Ree8 25. Qc7 Rab8 26. Rd7 Rec8
27. Qa5 Be8 28. Rc7 Rxc7 29. Qxc7 Bg6 30. Rd7 Bb1 31. Rxg7+ Qxg7 32. Qxb8+ Qf8
33. Qxb7 Bxa2 34. Bxc6 Qc5 35. Qc8+ Kg7 36. Qd7+ Kf8 37. Qd8+ Kg7 38. Qf6+ Kg8
39. Qxe6+ Kg7 40. Bd5 1-0

[Event "XXII Campeonato de España de l"]
[Site "Benidorm (Alicante-España)"]
[Date "2010.11.16"]
[Round "3"]
[White "Saez Gabikagogeaskoa, Oscar"]
[Black "Draghici Flutur, Gavril"]
[Result "0-1"]
[WhiteElo "1939"]
[BlackElo "2152"]
[PlyCount "86"]
[EventDate "2010.11.14"]
[EventRounds "8"]
[EventCountry "ESP"]

1. e4 c5 2. Nf3 d6 3. d4 cxd4 4. Nxd4 Nf6 5. Nc3 Nc6 6. Bc4 e6 7. Be3 Bd7 8.
O-O a6 9. a4 Be7 10. f4 Nxe4 11. Nxe4 d5 12. Bd3 dxe4 13. Bxe4 O-O 14. Nb3 Qc7
15. a5 Nb4 16. Bb6 Qc8 17. c3 Bc6 18. Bxc6 Nxc6 19. Ra4 Bd8 20. Bc5 Re8 21. Bb6
Bxb6+ 22. axb6 Rd8 23. Qe2 Rd5 24. Rd1 Rb5 25. Nd4 Rxb6 26. Rc4 Qe8 27. Qf2 Rd8
28. Rd2 h6 29. Nxc6 Rxc6 30. Rxd8 Qxd8 31. Rxc6 Qd1+ 32. Qf1 Qxf1+ 33. Kxf1
bxc6 34. Ke2 Kf8 35. Kd3 Ke7 36. Kd4 Kd6 37. b4 f6 38. g3 c5+ 39. bxc5+ Kc6 40.
Kc4 e5 41. fxe5 fxe5 42. h3 a5 43. g4 g5 0-1

[Event "XXII Campeonato de España de l"]
[Site "Benidorm (Alicante-España)"]
[Date "2010.11.16"]
[Round "3"]
[White "Diaz Illescas, Juan Carlos"]
[Black "Fernandez Lago, David"]
[Result "0-1"]
[WhiteElo "1906"]
[BlackElo "2008"]
[PlyCount "50"]
[EventDate "2010.11.14"]
[EventRounds "8"]
[EventCountry "ESP"]

1. e4 c5 2. Nc3 Nc6 3. f4 g6 4. Nf3 Bg7 5. Bc4 e6 6. f5 Nge7 7. fxe6 dxe6 8. d3
Na5 9. Bb5+ Bd7 10. Bxd7+ Qxd7 11. O-O Nac6 12. Ne2 Nd4 13. Rb1 Nec6 14. Be3
Nxe2+ 15. Qxe2 Nd4 16. Qf2 Nxf3+ 17. Qxf3 Bd4 18. Kh1 Bxe3 19. Qxe3 Qe7 20. Qh6
Qf8 21. Qg5 Qe7 22. Rf6 Rd8 23. Rbf1 Rd7 24. Qh6 c4 25. dxc4 Qxf6 0-1

[Event "XXII Campeonato de España de l"]
[Site "Benidorm (Alicante-España)"]
[Date "2010.11.16"]
[Round "3"]
[White "Zanoletty Garcia, David"]
[Black "Escalante Ortega, Fernando"]
[Result "1-0"]
[WhiteElo "1998"]
[BlackElo "1875"]
[PlyCount "91"]
[EventDate "2010.11.14"]
[EventRounds "8"]
[EventCountry "ESP"]

1. Nf3 Nf6 2. c4 c5 3. Nc3 d5 4. cxd5 Nxd5 5. g3 Nc6 6. Bg2 Nc7 7. O-O e5 8. d3
Be7 9. Be3 Be6 10. Ne4 b6 11. Qa4 Qd7 12. Nfg5 Bd5 13. f4 f5 14. Bh3 Bxg5 15.
Bxf5 Be6 16. Bxe6 Nxe6 17. fxg5 Ned4 18. Rf2 O-O-O 19. Bxd4 exd4 20. Raf1 Ne5
21. Qxd7+ Rxd7 22. Rf8+ Rxf8 23. Rxf8+ Kc7 24. h3 c4 25. Re8 Rd5 26. dxc4 Nxc4
27. b3 Ne3 28. Re7+ Kc6 29. Rxg7 Rf5 30. Nd2 a5 31. Rxh7 Rxg5 32. g4 Rc5 33.
Rh6+ Kc7 34. Nf3 Rc1+ 35. Kf2 Rf1+ 36. Kg3 Rd1 37. Rh7+ Kd6 38. g5 Nf5+ 39. Kf4
Ne7 40. Rh6+ Kc5 41. Re6 Nd5+ 42. Ke5 d3 43. e4 Rf1 44. Rd6 Nf4 45. Nd2 Kb5 46.
Nxf1 1-0

[Event "XXII Campeonato de España de l"]
[Site "Benidorm (Alicante-España)"]
[Date "2010.11.16"]
[Round "3"]
[White "Clemente Llamero, Roberto"]
[Black "Sanchez Ruiz, Piedad Esmeralda"]
[Result "1/2-1/2"]
[WhiteElo "2141"]
[BlackElo "1861"]
[PlyCount "77"]
[EventDate "2010.11.14"]
[EventRounds "8"]
[EventCountry "ESP"]

1. e4 c5 2. Nf3 e6 3. d4 cxd4 4. Nxd4 a6 5. c4 Nc6 6. Nc3 Bb4 7. Nxc6 dxc6 8.
Qxd8+ Kxd8 9. Bd2 e5 10. O-O-O Ke8 11. Be2 Be6 12. a3 Ba5 13. b4 Bc7 14. Na4
Rd8 15. Bc3 Rxd1+ 16. Rxd1 Nf6 17. Nc5 Bc8 18. f3 Nd7 19. Nd3 Ke7 20. c5 Rd8
21. g3 f6 22. f4 exf4 23. gxf4 Nf8 24. Rg1 g6 25. e5 fxe5 26. fxe5 Bf5 27. Nb2
Ne6 28. h4 Nf4 29. Bc4 Nd5 30. Bd2 Kf7 31. Bg5 Re8 32. Bb3 Bxe5 33. Nc4 Kg7 34.
Nd6 Bxd6 35. cxd6 h6 36. Bd2 Rd8 37. Re1 Rd7 38. Re8 Rxd6 39. Bxd5 1/2-1/2

[Event "XXII Campeonato de España de l"]
[Site "Benidorm (Alicante-España)"]
[Date "2010.11.16"]
[Round "3"]
[White "Fernandez Manrique, Agustin"]
[Black "Ariste Justo, Jesus Angel"]
[Result "1-0"]
[WhiteElo "2108"]
[BlackElo "1875"]
[PlyCount "49"]
[EventDate "2010.11.14"]
[EventRounds "8"]
[EventCountry "ESP"]

1. c4 e6 2. Nc3 d5 3. cxd5 exd5 4. d4 Nf6 5. Bg5 Nbd7 6. e3 Be7 7. Bd3 c6 8.
Qc2 O-O 9. Nge2 Re8 10. O-O-O Nf8 11. f3 g6 12. g4 Ne6 13. h4 Kg7 14. Ng3 Ng8
15. Bxe7 Qxe7 16. Rdg1 Nf8 17. Nd1 Bd7 18. Nf5+ Bxf5 19. gxf5 Qf6 20. h5 Ne7
21. Nf2 Qd6 22. hxg6 fxg6 23. Ng4 Kh8 24. Ne5 Qf6 25. fxg6 1-0

[Event "XXII Campeonato de España de l"]
[Site "Benidorm (Alicante-España)"]
[Date "2010.11.16"]
[Round "3"]
[White "Lago Carballo, Carmen"]
[Black "Rousse Mayol, Ricard"]
[Result "1-0"]
[WhiteElo "1416"]
[BlackElo "1907"]
[PlyCount "67"]
[EventDate "2010.11.14"]
[EventRounds "8"]
[EventCountry "ESP"]

1. e4 g6 2. d4 d6 3. Nc3 Bg7 4. Nf3 Nf6 5. Bc4 O-O 6. O-O a6 7. Bb3 Nbd7 8. Re1
c5 9. e5 dxe5 10. dxe5 Ng4 11. e6 Ndf6 12. exf7+ Kh8 13. Qxd8 Rxd8 14. Rxe7 Bf8
15. Re1 Kg7 16. h3 Nh6 17. Ng5 b5 18. Be6 Bxe6 19. Nxe6+ Kxf7 20. Nxf8 b4 21.
Bxh6 bxc3 22. Ne6 cxb2 23. Nxd8+ Rxd8 24. Rab1 Rb8 25. c4 Rb4 26. Bd2 Rxc4 27.
Rxb2 Nd5 28. Re5 Rd4 29. Be3 Rd1+ 30. Kh2 Nb4 31. Rxc5 Nd3 32. Rc7+ Ke6 33.
Rb6+ Kd5 34. Rxa6 1-0

[Event "XXII Campeonato de España de l"]
[Site "Benidorm (Alicante-España)"]
[Date "2010.11.16"]
[Round "3"]
[White "Redondo Maguregui, Juan Manuel"]
[Black "Septien Lopez, Valeriano"]
[Result "0-1"]
[WhiteElo "1694"]
[BlackElo "1876"]
[PlyCount "72"]
[EventDate "2010.11.14"]
[EventRounds "8"]
[EventCountry "ESP"]

1. c4 e5 2. Nc3 Bb4 3. Nd5 Be7 4. g3 Nf6 5. Nc3 d5 6. cxd5 Nxd5 7. Bg2 Nxc3 8.
bxc3 O-O 9. e3 c5 10. Ne2 Nc6 11. O-O Bg4 12. d3 Qd7 13. Qc2 Bh3 14. Rd1 Bxg2
15. Kxg2 Bf6 16. Ba3 b6 17. d4 exd4 18. cxd4 Qb7 19. f3 Rfe8 20. Qb3 cxd4 21.
e4 d3 22. Qxd3 Bxa1 23. Rxa1 Rad8 24. Qc3 Qa6 25. Nf4 Qa5 26. Bb2 Rd2+ 27. Kh3
Qxc3 28. Bxc3 Rc2 29. Nd5 Ne7 30. Bb4 Nxd5 31. exd5 Rc4 32. Rb1 Rd4 33. d6 Rd3
34. Rb3 Rxb3 35. axb3 f6 36. f4 Re3 0-1